000 00736nam a2200181 a 4500
003 0
005 20250422111854.0
008 060728s19uu xx 00 eng d
050 _aPHS HQ 755.8
_b.D45 2006
100 _aDelos Reyes, Raphaelle Carla C.
245 _aEffects of the family treatment of the elderly on their children's decision to treat their own elderly in the future /
_cRaphaelle Carla C. Delos Reyes.
260 _aLas PiƱas City, Philippines :
_bSouthville International School and Colleges,
_c2006.
300 _a36 pages :
_billustrations ;
_c28 cm.
504 _aIncludes bibliographical references.
650 _aIntergenerational relations.
650 _aOlder people
_xFamily relationships.
942 _2lcc
_cPASS
999 _c97598
_d97598